Statistics for Famous Oklahomans

Click here to take the quiz!

General Stats

  • This quiz has been taken 132 times
    (96 since last reset)
  • The average score is 8 of 21

Answer Stats

CareerHintAnswer% Correct
TV PersonalityFormer clinical psychologist and host of daytime talk show (2002 - present)Phil McGraw
83%
ActorWalker Texas RangerChuck Norris
72%
SingerFriends in Low PlacesGarth Brooks
70%
BusinesspersonFounder of a chain of stores that is now the largest employer in the United StatesSam Walton
65%
SingerJesus Take the WheelCarrie Underwood
56%
ActorLt. Aldo Raine in Inglourious Bastards (2009) and Billy Beane in MoneyballBrad Pitt
49%
SingerMost number of seasons as a coach on The Voice. (2011 - present)Blake Shelton
41%
AthleteGold medals in the decathlon and pentathlon in the 1912 Olympic gamesJim Thorpe
41%
ActorJim Rockford on the Rockford FilesJames Garner
35%
PoliticianSenator from Massachusetts (2013 - present)Elizabeth Warren
33%
Actor/ComedianA statue of this person can be found inside the US CapitolWill Rogers
33%
AthleteNBA Rookie of the Year in 2011Blake Griffin
29%
Actor/DirectorDirector of he DaVinci Code and narrator of Arrested DevelopmentRon Howard
29%
AthleteHeisman Trophy winner in 2008Sam Bradford
29%
SingerThe Night the Lights Went Out in GeorgiaReba McEntire
28%
SingerShould've Been a CowboyToby Keith
27%
AuthorWrote The OutsidersS.E. Hinton
24%
AthleteThree time Super Bowl champion and MVP of Super Bowl XXVIITroy Aikman
24%
ComedianSaturday Night Live (2005 - 2013) and Barry (2018 - present)Bill Hader
23%
ActorKaren Walker in Will and Grace and Tammy 2 in Parks and RecreationMegan Mullally
19%
SingerThis Machine Kills FascistsWoody Guthrie
13%

Score Distribution

Percentile by Number Answered

Percent of People with Each Score

Your Score History

You have not taken this quiz since the last reset